Le conflit russo-ukrainien - Statistiques

Statistiques générales
  • Ce quiz a été pris 260 fois
  • Le résultat moyen est 11 sur 20
Statistiques - réponses
Question Réponse % Correct
Qui sont les deux chefs d'État des pays belligérants ? Poutine/Zelensky
100%
L'un des moments fondateurs de cette guerre est l'annexion de la Crimée. En quelle année cela s'est-il produit ? 2014
89%
Quel verbe employé par Poutine a choqué la scène internationale ? Dénazifier
84%
Comment s'appelle la plus grosse compagnie de gaz russe ? Gazprom
74%
Quel pays n'a pas apporté son soutien à la Russie ? Taïwan
71%
À quelle date a commencé l'invasion russe ? 24 février
66%
De quel pays Vladimir Poutine aurait-il fait venir des mercenaires étrangers ? Syrie
66%
Quel opposant russe a appelé la population à manifester contre la guerre ? Alexeï Navalny
63%
Quel ancien chef d'État français a appelé au boycott du gaz russe ? François Hollande
63%
Comment s'appelle l'avion militaire de chasse conçu et utilisé par la Russie ? Le Mig-29
63%
Pourquoi un cessez-le-feu a-t-il été adopté le 8 mars à 8h ? Pour permettre le déplacement de civils en danger
63%
Comment s'appelle l'ancien sportif maire de Kiev qui a pris les armes ? Vitali Klitschko
47%
Quelle est la République non reconnue par la Russie ? République de Podolie
45%
Comment se nomme le général de l'armée russe qui a été tué la nuit du lundi 7 au mardi 8 mars ? Vitaly Gerasimov
45%
Depuis le début de la guerre, de combien s'est dévalué le rouble (monnaie russe) ? 45%
37%
Dans une vidéo devenue virale, quel objet dangereux transportait un citoyen ukrainien à main nue ? Une mine antipersonnelle
34%
Quel pays a lancé une enquête pour possibles crimes de guerre en Ukraine ? L'Allemagne
32%
Comment s'appelle la plateforme internet lancée par le gouvernement pour faciliter l'accueil des réfugiés ? Je m'engage pour l'Ukraine
29%
Quelle ville a subi des bombardements dans la nuit du lundi 7 au 8 mars ? Soumy
18%
Selon l'ONU, combien d'Ukrainiens ont quitté leur pays ? (au 8 mars) 2 millions
11%
Aucun quiz correspondant
Distribution des résultats
% des personnes avec chaque résultat
Percentile par nombre de réponses
Votre historique - résultats
Vous n’avez pas pris ce quiz